Minecraft songs - Statistics

General Stats
  • This quiz has been taken 18 times
    11 since last reset
  • The average score is 24 of 59
Answer Stats
Hint Answer % Correct
C418 13
89%
C418 Cat
89%
Lena Raine Pigstep
89%
C418 11
78%
C418 Aria Math
78%
C418 Mice on Venus
78%
C418 Stal
78%
C418 Sweden
78%
C418 Blocks
67%
C418 Clark
67%
C418 Dry Hands
67%
C418 Minecraft
67%
C418 Wet Hands
67%
C418 Chirp
56%
C418 Far
56%
C418 Living Mice
56%
C418 Mall
56%
C418 Moog City
56%
C418 Moog City 2
56%
Lena Raine Otherside
56%
Aaron Cherof Precipice
56%
C418 Subwoofer Lullaby
56%
C418 Wait
56%
Samuel Åberg 5
44%
Lena Raine Creator
44%
C418 Haggstrom
44%
C418 Strad
44%
C418 Beginning
33%
C418 Chris
33%
Lena Raine Creator (MusicBox)
33%
C418 Death
33%
Lena Raine Infinite Amethyst
33%
Lena Raine Left to Bloom
33%
C418 Oxygène
33%
Aaron Cherof Relic
33%
C418 Ward
33%
Lena Raine Aerie
22%
Aaron Cherof A familiar room
22%
Lena Raine Ancestry
22%
Aaron Cherof Bromeliad
22%
C418 Danny
22%
Aaron Cherof Echo In the wind
22%
C418 Excuse
22%
Aaron Cherof FeatherFall
22%
Kumi Tanioka Komorebi
22%
C418 Mutation
22%
Lena Raine One More Day
22%
Kumi Tanioka PokoPoko
22%
Aaron Cherof PuzzleBox
22%
Lena Raine Stand Tall
22%
Aaron Cherof Watcher
22%
Lena Raine Wending
22%
Kumi Tanioka YakuSoku
22%
Aaron Cherof Crescent Dunes
11%
Lena Raine Deeper
11%
Lena Raine Endless
11%
C418 Equinoxe
11%
Lena Raine Eld Unknown
0%
C418 Mellodhi
0%
No matching quizzes found
Score Distribution
Percent of People with Each Score
Percentile by Number Answered
Your Score History
You have not taken this quiz since the last reset